Ecocritical Reading of Fiction: (Record no. 172246)

MARC details
000 -LEADER
fixed length control field 00582nam a22001937a 4500
005 - DATE AND TIME OF LATEST TRANSACTION
control field 20200130124832.0
010 ## - LCCN (DPL NO)
LC control number ENG-127574
020 ## - INTERNATIONAL STANDARD BOOK NUMBER
International Standard Book Number 9789388927512
Terms of availability 150.00
035 ## - SYSTEM CONTROL NUMBER
System control number EN-111106
037 ## - SOURCE OF ACQUISITION
Source of stock number/acquisition DBAD/PUB
082 ## - DEWEY DECIMAL CLASSIFICATION NUMBER
Classification number 801.95
100 ## - MAIN ENTRY--PERSONAL NAME
Personal name sutariya,Chirag
245 ## - TITLE STATEMENT
Title Ecocritical Reading of Fiction:
Statement of responsibility, etc by Chirag Sutariya
260 ## - PUBLICATION, DISTRIBUTION, ETC. (IMPRINT)
Place of publication, distribution, etc Ahmedabad
Name of publisher, distributor, etc Vedant Publication
Date of publication, distribution, etc 2019
270 ## - ADDRESS
City Ahmedabad
Address Rajkot, Ahmedabad, Surat
Postal code 360001
300 ## - PHYSICAL DESCRIPTION
Extent 117p.
Other physical details 21cm(pbk)
500 ## - GENERAL NOTE
General note include bibliographical references
942 ## - ADDED ENTRY ELEMENTS (KOHA)
Source of classification or shelving scheme Dewey Decimal Classification
Item type English Books
Classification part 801.95
Call number suffix SUT
Holdings
Withdrawn status Lost status Not for loan Collection code Home library Current library Date acquired Source of acquisition Cost, normal purchase price Full call number Barcode Copy number Cost, replacement price Koha item type
      Non-fiction Sarojini Nagar Sarojini Nagar 30/01/2020 DBAD/PUB 150.00 801.95 SUT EN-111106 1 150.00 English Books

© Delhi Public Library
Hit Counter
free hit counter